000 00762nam a2200265 a 4500
001 BRL_1072
005 20190320211025.0
008 081113s1988----mx-ao#####---#000-0#spa-#
020 _a9688561878
041 _aspa
044 _amx
050 4 _aHD2346.M4
_b.T87 1988
100 1 _aTurok, Marta
_923269
245 1 0 _aCómo acercarse a la artesanía
_cMarta Turok.
260 _aMéxico
_bPlaza y valdés Editores
_c1988
300 _a[212] p.
_bil.
_c21 cm.
440 0 _aColección Cómo acercarse a
_925748
500 _aAu1211
500 _aIncluye dedicatoria a Ruth Lechuga
504 _aBibliografía: p. [201-207]
650 1 4 _aArtesanías
_zMéxico
_93976
650 1 4 _aArtesanías
_xIndustria
_zMéxico
_925749
902 _aGRL
942 _2lcc
_cB
999 _c9884
_d9884